| 000 | 005420000a22001810004500 | ||
|---|---|---|---|
| 003 | MACL | ||
| 005 | 20160227122221.0 | ||
| 008 | 160227b xxu||||| |||| 00| 0 eng d | ||
| 040 |
_aMACL _cMACL |
||
| 041 | _aHindi | ||
| 082 | _a570 | ||
| 100 |
_aआचार्य गोपी लाल अमर _940846 |
||
| 245 | _aप्रसव चिन्तामणि | ||
| 260 |
_bरंजन पब्लिकेशन्स _c1984 _aदिल्ली |
||
| 350 | _a40 | ||
| 650 |
_aLife Sci. _940201 |
||
| 942 |
_cHIN _k510 _2ddc |
||
| 999 |
_c28465 _d28465 |
||